000 00495nam a2200181Ia 4500
005 20250326123738.0
008 250326s9999 xx 000 0 und d
037 _aTextbook
040 _aFMSL
_beng
_cFMSL
041 _aeng
_2eng
084 _aL:14(X:8) L1
_qFMSL
100 _aCuming M W
_9735904
245 0 _aHospital staff management
_cCuming M W
260 _aLondon
_bLondon, Heinemann
_c1971
300 _a247p
942 _cTB
_hL:14(X:8) L1
999 _c1270776
_d1270776